لغة البرمجة C++ مدخل الي برمجة الكيانات الموجهة = (رقم التسجيلة. 13885)
[ عرض عادي ]
| 000 -الفاتح | |
|---|---|
| حقل البيانات ثابتة الطول | 00839nam a22002057a 4500 |
| 003 - محدد رقم الضبط | |
| رقم الضبط | OSt |
| 005 - وقت وتاريخ اخر تعامل مع التسجيلة | |
| رقم الضبط | 20150408113914.0 |
| 008 - عناصر البيانات ثابتة الطول - معلومات عامة | |
| حقل البيانات ثابتة الطول | 110827t 2010 jo a|||| 00| 0 ara d |
| 040 ## - مصدر الفهرسة | |
| وكالة النسخ | دار اجنادين |
| 082 ## - رقم تصنيف ديوى العشرى | |
| رقم الطبعة | 21 |
| رقم التصنيف | 005.133 |
| رقم المادة | ق ز ل |
| 100 ## - المدخل الرئيسى - إسم شخصى | |
| 9 (RLIN) | 3217 |
| الإسم الشخصى | القاضي، زياد عبد الكريم. |
| 245 ## - بيان العنوان | |
| العنوان | لغة البرمجة C++ مدخل الي برمجة الكيانات الموجهة = |
| بقية العنوان | C++ Programming / |
| بيان المسئوليه,etc | تأليف زياد عبد الكريم القاضي. |
| 250 ## - بيان الطبعة | |
| بيان الطبعة | ط. 1. |
| 260 ## - PUBLICATION, DISTRIBUTION, ETC. (IMPRINT) | |
| مكان الناشر او الموزع | عمان، الأردن : |
| اسم الناشر او الموزع | مكتبة المجتمع العربي، |
| تاريخ النشر أو التوزيع | 2010 |
| 300 ## - الوصف المادى | |
| التعداد | 437 ص. : |
| تفاصيل ماديه اخرى للوعاء | إيض. ؛ |
| أبعاد الوعاء | 24 سم. |
| 504 ## - تبصرة ببليوجرافية | |
| تبصرة ببليوجرافية,الخ | قائمة ببليوجرافية. |
| 650 ## - المدخل الاضافى بالموضوع-مصطلح موضوعى | |
| مصطلح موضوعي أو اسم جغرافي كعنصر مدخل | الحاسبات الإلكترونية. |
| 650 ## - المدخل الاضافى بالموضوع-مصطلح موضوعى | |
| مصطلح موضوعي أو اسم جغرافي كعنصر مدخل | الحاسبات الإلكترونية |
| التقسيم الفرعي العام | برامجة. |
| 9 (RLIN) | 3284 |
| 942 ## - عناصر المدخل الإضافي( كوها) | |
| مصدر التصنيف او مخطط الترفيف | Dewey Decimal Classification |
| Koha [default] item type | DVD |
| حالة الفقد | نموذج السعر الفعال | حالة تلف | ليس للاعارة | رقم الطلب | تاريخ الاكتساب | الموقع الحالي | الباركود | الفرع الرئيسي | Date last seen | نوع المادة فى نظام كوها | مصدر التصنيف او خطة الترفيف | Total Checkouts | Date last checked out | Total Renewals |
|---|---|---|---|---|---|---|---|---|---|---|---|---|---|---|
| 2017-03-14 | 005.133 ق ز ل | 2017-03-14 | المكتبة المركزية بالمجمعة (CL) | 00706600 | المكتبة المركزية بالمجمعة (CL) | 2026-01-27 | كتاب | Dewey Decimal Classification | 1 | 2025-10-29 | 1 | |||
| 2017-03-14 | 005.133 ق ز ل | 2017-03-14 | المكتبة المركزية بالمجمعة (CL) | 00706601 | المكتبة المركزية بالمجمعة (CL) | 2025-04-06 | كتاب | Dewey Decimal Classification | 1 | 2025-01-19 | 1 | |||
| 2017-03-14 | 005.133 ق ز ل | 2017-03-14 | المكتبة المركزية بالمجمعة (CL) | 00706602 | المكتبة المركزية بالمجمعة (CL) | 2020-08-20 | كتاب | Dewey Decimal Classification | 1 | 2020-01-01 | ||||
| 2013-03-10 | 005.133 ق ز ل | 2011-08-27 | قسم الاجراءات الفنية (IC) | 00102125 | قسم الاجراءات الفنية (IC) | 2013-03-10 | كتاب | Dewey Decimal Classification | ||||||
| 2013-03-10 | 005.133 ق ز ل | 2011-08-27 | قسم الاجراءات الفنية (IC) | 00102126 | قسم الاجراءات الفنية (IC) | 2015-04-15 | كتاب | Dewey Decimal Classification | 1 | 2015-02-08 | ||||
| 2013-03-10 | 005.133 ق ز ل | 2011-08-27 | قسم الاجراءات الفنية (IC) | 00102127 | قسم الاجراءات الفنية (IC) | 2013-03-10 | كتاب | Dewey Decimal Classification |
